Tel Miqne - Ekron : Report of the 1994 spring excavations Field IISW : the Olive Oil Industry Zone of the Late Iron Age II /

Bibliographic Details
Main Author: MacKay, D. Bruce
Other Authors: Gitin, Seymour, Dothan, Trude
Format: Book
Language:English
Published: Jerusalem : Tel Miqne (Ekron) Excavation Project Publications Office, 1995.
Edition:Ekron Limited Edition series.
Subjects:

MARC

Tag First Indicator Second Indicator Subfields
LEADER 00000cam a22000005a 4500
001 in00001317469
005 20151005070837.0
008 960514s1995 is b 000 0 eng d
035 |a (OCoLC)34726674 
035 |9 AHC2201AM 
040 |a DRP  |c DRP  |d UtOrBLW 
049 |a TXAM 
090 |a DS110.M5  |b M36 1995 
100 1 |a MacKay, D. Bruce. 
245 1 0 |a Tel Miqne - Ekron :  |b Report of the 1994 spring excavations Field IISW : the Olive Oil Industry Zone of the Late Iron Age II /  |c text, database and plates by D. Bruce MacKay with contributions by S. Gitin and T. Dothan. 
246 1 0 |a Report of the 1994 spring excavations Field IISW 
246 1 0 |a Olive Oil Industry Zone of the Late Iron Age II 
250 |a Ekron Limited Edition series. 
264 1 |a Jerusalem :  |b Tel Miqne (Ekron) Excavation Project Publications Office,  |c 1995. 
300 |a xix, 4 unnumbered pages, 264 pages, 11 unnumbered leaves of plates, 55 unnumbered pages :  |b illustrations, folded plan ;  |c 28 cm. 
336 |a text  |b txt  |2 rdacontent 
337 |a unmediated  |b n  |2 rdamedia 
338 |a volume  |b nc  |2 rdacarrier 
500 |a A joint excavation and publication project of the W.F. Albright Institute of Archaeological Research in Jerusalem, one of the American Schools of Oriental Research and the Institute of Archaeology of the Hebrew University of Jerusalem (The Philip and Muriel Berman Center for Biblical Archaeology). 
651 0 |a Ekron (Extinct city) 
700 1 |a Gitin, Seymour. 
700 1 |a Dothan, Trude. 
999 |a MARS 
999 f f |s 5ffc4308-20af-36a6-ba1d-f4bbf3be5311  |i 51d1ef66-a215-3144-8b90-327b578e16dc  |t 0 
952 f f |p ric  |a Texas A&M University  |b Rellis Campus  |c Joint Library Facility  |d Remote Storage  |t 0  |e DS110.M5 M36 1995  |h Library of Congress classification  |i unmediated -- volume  |m A14820960895 
998 f f |a DS110.M5 M36 1995  |t 0  |l Remote Storage